Score 0/6 Timer 05:00
0 Plays Today
Question Answer Wrong Answers
Europe Vatican City
96.3%
Andorra
0%
Malta
0%
Cyprus
0%
Asia Maldives
92.6%
Lebanon
0%
Taiwan
3.7%
Laos
0%
Oceania Nauru
85.2%
Samoa
3.7%
Palau
11.1%
Tonga
0%
South America Suriname
74.1%
Guyana
11.1%
Uruguay
11.1%
Paraguay
0%
Africa Seychelles
59.3%
Cabo Verde
11.1%
Comoros
7.4%
Mauritius
18.5%
North America Saint Kitts and Nevis
59.3%
Antigua and Barbuda
3.7%
Saint Lucia
29.6%
Barbados
3.7%

You're not logged in!

Compare scores with friends on all Sporcle quizzes.
OR
Log In

Sporcle TV

Today on Sporcle TV


Watch our educational content, quiz creation guides, and fun videos on Sporcle TV.

Show Comments

Extras

Top Quizzes Today


Score Distribution

Paid Content

Your Account Isn't Verified!

In order to create a playlist on Sporcle, you need to verify the email address you used during registration. Go to your Sporcle Settings to finish the process.

Report this User

Report this user for behavior that violates our Community Guidelines.

Details: